000 00468nam a2200157Ia 4500
999 _c37183
_d37183
003 OSt
005 20200812105757.0
008 190216s9999||||xx |||||||||||||| ||und||
040 _coclc
082 _a519.5
_bSHU/S
100 _aShukla, M C
_91149
245 0 _aStatistics Theory And Practice /
_cM C Shukla ; S S Gulshan
260 _bS Chand ANd Company,
_c1980.
_aNew Delhi:
300 _a863p
942 _cBK
_2ddc
_h519.5
_iSHU/S
_k519.5
_mSHU/S